A féria ou a vida: violência ocupacional, tensões reciais e insegurança no transporte colectivo de Salvador, Brasil /
محفوظ في:
| المؤلف الرئيسي: | |
|---|---|
| مؤلفون آخرون: | |
| التنسيق: | غير معروف |
| منشور في: |
Buenos Aires:
CLACSO
|
| الموضوعات: | |
| الوسوم: |
إضافة وسم
لا توجد وسوم, كن أول من يضع وسما على هذه التسجيلة!
|
MARC
| LEADER | 00000 a2200000 04500 | ||
|---|---|---|---|
| 001 | 38422 | ||
| 003 | cru IIS | ||
| 005 | 20230509125505.0 | ||
| 008 | 991231s d | ||
| 020 | |a 950-9231-81-9 | ||
| 022 | |a 950-9231-81-9 | ||
| 040 | |a CRAI/IIS |c CRAI/IIS | ||
| 090 | |a 0002 B849v | ||
| 100 | |a Paes Machado, Eduardo |9 11284 | ||
| 245 | |a A féria ou a vida: violência ocupacional, tensões reciais e insegurança no transporte colectivo de Salvador, Brasil / |c Eduardo Paes Machado y Charles Levenstein | ||
| 260 | |a Buenos Aires: |b CLACSO | ||
| 300 | |a 151-178 p. | ||
| 500 | |a También en formato digital En: Ciencias Sociales en América Latina y el Caribe, 19420 | ||
| 650 | |a VIOLENCIA | ||
| 650 | |a ASPECTOS JURIDICOS | ||
| 650 | |a SANSIONES PENALES | ||
| 650 | |a VENEZUELA | ||
| 700 | |9 11285 |a Levenstein, Charles | ||
| 942 | |2 ddc |c LI | ||
| 999 | |c 16485 |d 16485 | ||
| 773 | 0 | |0 17577 |9 8841 |a Briceño León, Roberto |d Buenos Aires: CLACSO 2002 |o 05877 |t Violencia, sociedad y justicia en América Latina / |w (cru CIDCACS/IIS)38309 |x 950-9231-81-9 |z 950-9231-81-9 | |



